000 00683nam a2200277Ia 4500
005 20260121125159.0
008 008 260114s9999 xx 000 0 eng d
020 _a9780774864435
037 _aEBOOK
040 _aCRL
040 _beng
040 _cCRL
041 _2eng
041 _aeng
084 _qCRL
100 _aHarris, Cole
_9988614
245 2 _aA Bounded Land: Reflections on Settler Colonialism in Canada
260 _bWalter de Gruyter
260 _bWalter de Gruyter
260 _c2020
650 _aHistory
_9988615
856 _uhttp://www.degruyter.com/isbn/9780774864435
942 _cEBOOK
999 _c1560095
_d1560095